| 000 | 00708nam a2200217Ii 4500 | ||
|---|---|---|---|
| 003 | JO-AjNU | ||
| 008 | 230605s9999||||xx |||||||||||||| ||und|| | ||
| 017 | _a1998/12/2070 | ||
| 040 |
_aJO-AjNU _bara _erda _cJO-AjNU |
||
| 041 | _aara | ||
| 050 | 1 | 4 | _aPJ7538 1999 |
| 100 | 3 |
_aتأليف خليل، إبراهيم, _eauthor _949080 |
|
| 245 | 0 | 0 | _aتحولات النص: بحوث ومقالات في النقد الأدبي |
| 250 | _aط1 | ||
| 264 | 3 | 1 | _aعمان: وزارة الثقافة، 1999 |
| 300 | _a191ص | ||
| 336 |
_atext _btxt _2rdacontent |
||
| 337 |
_aunmediated _bn _2rdamedia |
||
| 338 |
_avolume _bnc _2rdacarrier |
||
| 650 | 4 |
_aالنقد الأدبي - بحوث - مقالات _949081 |
|
| 999 |
_aA21535 _c25103 _d25103 |
||